Normal view
MARC view
- INTEL 8080 (COMPUTER)-PROGRAMMING ZILOG MODEL Z-80 (COMPUTER)-PROGRAMMING ASSEMLER LANGUAGE (COMPUTER PROGRAMMING LANGUAGE)
Entry Topical Term
001 - CONTROL NUMBER
- control field: 76208
003 - CONTROL NUMBER IDENTIFIER
- control field: NUST
005 - DATE AND TIME OF LATEST TRANSACTION
- control field: 20210628205611.0
008 - FIXED-LENGTH DATA ELEMENTS
- fixed length control field: 210628|| aca||aabn | a|a d
040 ## - CATALOGING SOURCE
- Original cataloging agency: NUST
- Transcribing agency: NUST
150 ## - HEADING--TOPICAL TERM
- Topical term or geographic name entry element: INTEL 8080 (COMPUTER)-PROGRAMMING ZILOG MODEL Z-80 (COMPUTER)-PROGRAMMING ASSEMLER LANGUAGE (COMPUTER PROGRAMMING LANGUAGE)
670 ## - SOURCE DATA FOUND
- Source citation: Work cat.: (NUST): MILLER, ALAN R 36815, 8080/Z80 ASSEMBLY LANGUAGE TECHNIQUES FOR IMPROVED PROGRAMMING, 1981
